[Event "Muensterland Regionalliga 2122"]
[Site "Germany"]
[Date "2021.10.23"]
[Round "2.7"]
[White "Denkler, Juergen"]
[Black "Kornick, Ulrich"]
[Result "0-1"]
[WhiteElo "1709"]
[BlackElo "1874"]
[PlyCount "42"]
[EventDate "2021.10.02"]
[EventType "team-tourn"]
[EventRounds "3"]
[EventCountry "GER"]
[SourceTitle "EXT 2023"]
[Source "ChessBase"]
[SourceDate "2022.10.05"]
[SourceVersion "1"]
[SourceVersionDate "2022.10.05"]
[SourceQuality "1"]
[WhiteTeam "Metelen"]
[BlackTeam "Rheine Klein Berlin"]
[WhiteTeamCountry "GER"]
[BlackTeamCountry "GER"]

1. d4 d5 2. c4 e6 3. Nf3 Nf6 4. Nc3 c5 5. e3 Nc6 6. dxc5 Bxc5 7. a3 a6 8. b4 Ba7 9. cxd5 exd5 10. Nd4 0-0 11. Be2 Nxd4 12. exd4 Qc7 13. Bb2 Re8 14. 0-0 Qf4 15. Na4 Ng4 16. g3 Qe4 17. Bf3 Qf5 18. Bxg4 Qxg4 19. Qxg4 Bxg4 20. f3 Bd7 21. Kf2 Bxa4 0-1

[Event "Muensterland Regionalliga 1920"]
[Site "Germany"]
[Date "2020.02.22"]
[Round "7.7"]
[White "Hauk, Viktoria"]
[Black "Denkler, Juergen"]
[Result "1-0"]
[WhiteElo "1897"]
[BlackElo "1683"]
[PlyCount "62"]
[EventDate "2019.09.07"]
[EventType "team-tourn"]
[EventRounds "7"]
[EventCountry "GER"]
[SourceTitle "EXT 2023"]
[Source "ChessBase"]
[SourceDate "2022.10.05"]
[SourceVersion "1"]
[SourceVersionDate "2022.10.05"]
[SourceQuality "1"]
[WhiteTeam "Rheine Klein Berlin"]
[BlackTeam "Metelen"]
[WhiteTeamCountry "GER"]
[BlackTeamCountry "GER"]

1. d4 Nf6 2. c4 g6 3. Nc3 Bg7 4. e4 d6 5. Be2 0-0 6. Be3 e5 7. d5 Ne8 8. g4 c6 9. h4 h6 10. Qd2 Kh7 11. 0-0-0 c5 12. Rf1 f5 13. exf5 gxf5 14. Bd3 Qf6 15. g5 Qf7 16. gxh6 Bh8 17. Nh3 Bf6 18. Bg5 Kh8 19. Rfg1 Na6 20. Rg2 e4 21. Be2 Be5 22. Bf4 Rg8 23. Ng5 Qf8 24. Rhg1 Nf6 25. h7 Rg7 26. Bxe5 dxe5 27. Qd1 Qe8 28. d6 Nxh7 29. Bh5 Qf8 30. Nxh7 Rxh7 31. Qd5 Bd7 1-0

[Event "Muensterland Regionalliga 1920"]
[Site "Germany"]
[Date "2020.02.01"]
[Round "6.6"]
[White "Farwick, Christian"]
[Black "Denkler, Juergen"]
[Result "1/2-1/2"]
[WhiteElo "1845"]
[BlackElo "1683"]
[PlyCount "51"]
[EventDate "2019.09.07"]
[EventType "team-tourn"]
[EventRounds "7"]
[EventCountry "GER"]
[SourceTitle "EXT 2023"]
[Source "ChessBase"]
[SourceDate "2022.10.05"]
[SourceVersion "1"]
[SourceVersionDate "2022.10.05"]
[SourceQuality "1"]
[WhiteTeam "Borken"]
[BlackTeam "Metelen"]
[WhiteTeamCountry "GER"]
[BlackTeamCountry "GER"]

1. d4 Nf6 2. Bf4 g6 3. e3 d5 4. Nf3 Bg7 5. c3 0-0 6. Bd3 b6 7. Nbd2 c5 8. h3 Bb7 9. 0-0 Nc6 10. Qe2 Re8 11. Ba6 Qc8 12. Bxb7 Qxb7 13. Be5 Nxe5 14. Nxe5 Nd7 15. f4 f6 16. Nxd7 Qxd7 17. Qf3 e5 18. f5 exd4 19. exd4 Bh6 20. Rad1 cxd4 21. fxg6 hxg6 22. Qxf6 Re6 23. Qh4 Be3+ 24. Kh1 dxc3 25. bxc3 Bxd2 26. Rxd2 1/2-1/2

[Event "Muensterland Verbandsliga 1819 playoff"]
[Site "Germany"]
[Date "2019.05.18"]
[Round "1.6"]
[White "Denkler, Juergen"]
[Black "Droste, Laurenz"]
[Result "1-0"]
[WhiteElo "1668"]
[BlackElo "1638"]
[PlyCount "81"]
[EventDate "2019.05.18"]
[EventType "team-k.o."]
[EventRounds "2"]
[EventCountry "GER"]
[SourceTitle "CBM 190 Extra"]
[Source "ChessBase"]
[SourceDate "2019.07.15"]
[SourceVersion "1"]
[SourceVersionDate "2019.07.15"]
[SourceQuality "1"]
[WhiteTeam "Metelen"]
[BlackTeam "Raesfeld Erle II"]
[WhiteTeamCountry "GER"]
[BlackTeamCountry "GER"]

1. d4 e6 2. c4 Bb4+ 3. Bd2 Nc6 4. Nf3 Nf6 5. a3 Bxd2+ 6. Nbxd2 b6 7. e4 d6 8. Bd3 0-0 9. Qc2 e5 10. d5 Ne7 11. 0-0-0 Bd7 12. h3 Rc8 13. Kb1 a5 14. Nf1 Nh5 15. g3 f5 16. exf5 Rxf5 17. Nh4 Rf6 18. Bxh7+ Kh8 19. Be4 Qf8 20. Qe2 Rh6 21. Ne3 Nf6 22. Bc2 e4 23. Ng4 Rxh4 24. gxh4 Ng6 25. Nxf6 Qxf6 26. Qh5+ Kg8 27. Bxe4 Nf4 28. Qh7+ Kf7 29. h5 Re8 30. f3 Re5 31. Bg6+ Ke7 32. Rde1 Nxg6 33. hxg6 Bf5+ 34. Ka2 Bxg6 35. Qg8 Kd7 36. Rxe5 dxe5 37. Rg1 Kd6 38. Rxg6 Qxg6 39. Qd8+ Kc5 40. Qxc7+ Kd4 41. d6 1-0

[Event "Muensterland Verbandsklasse 1617"]
[Site "Germany"]
[Date "2016.10.22"]
[Round "2.8"]
[White "Denkler, Juergen"]
[Black "Wichmann, Norbert"]
[Result "1-0"]
[WhiteElo "1682"]
[BlackElo "1764"]
[PlyCount "81"]
[EventDate "2016.09.24"]
[EventType "team"]
[EventRounds "9"]
[EventCountry "GER"]
[SourceTitle "EXT 2018"]
[Source "ChessBase"]
[SourceDate "2017.10.13"]
[SourceVersion "1"]
[SourceVersionDate "2017.10.13"]
[SourceQuality "1"]
[WhiteTeam "Metelen"]
[BlackTeam "Muenster Indische Dame"]
[WhiteTeamCountry "GER"]
[BlackTeamCountry "GER"]

1. d4 Nf6 2. c4 g6 3. Nc3 Bg7 4. e4 d6 5. Nf3 0-0 6. Be2 Nc6 7. 0-0 e5 8. d5 Ne7 9. Bg5 h6 10. Bd2 Kh7 11. b4 Nd7 12. Ne1 f5 13. f3 f4 14. Nd3 b6 15. a4 a5 16. Nb5 Rf6 17. bxa5 bxa5 18. Rb1 c6 19. Na3 g5 20. Bc3 c5 21. Qd2 h5 22. h3 Rh6 23. Rb5 Nf6 24. Nf2 g4 25. fxg4 hxg4 26. Nxg4 Bxg4 27. hxg4 Rg6 28. Qd3 Qd7 29. Qh3+ Bh6 30. Kf2 Nxg4+ 31. Bxg4 Qxg4 32. Qxg4 Rxg4 33. Rb7 Bg5 34. Rh1+ Kg6 35. Rh3 Ng8 36. Kf3 Rh4 37. Rxh4 Bxh4 38. Rb6 Be7 39. Bxe5 Rd8 40. Nb5 Nf6 41. Bxd6 1-0

[Event "Muensterland Verbandsklasse 1314"]
[Site "Germany"]
[Date "2014.04.12"]
[Round "8.4"]
[White "Schoepper, Oliver"]
[Black "Denkler, Juergen"]
[Result "1-0"]
[WhiteElo "1816"]
[BlackElo "1792"]
[PlyCount "117"]
[EventDate "2013.09.21"]
[EventType "team-tourn"]
[EventRounds "9"]
[EventCountry "GER"]
[SourceTitle "EXT 2015"]
[Source "ChessBase"]
[SourceDate "2014.11.20"]
[SourceVersion "1"]
[SourceVersionDate "2014.11.20"]
[SourceQuality "1"]
[WhiteTeam "Muenster SK IV"]
[BlackTeam "Metelen"]
[WhiteTeamCountry "GER"]
[BlackTeamCountry "GER"]

1. d4 Nf6 2. Nf3 g6 3. g3 Bg7 4. Bg2 d5 5. c4 c6 6. cxd5 cxd5 7. 0-0 0-0 8. Nc3 Nc6 9. Bf4 a6 10. Ne5 e6 11. Rc1 Nxe5 12. Bxe5 Bd7 13. Qd2 Qb6 14. Rc2 Rac8 15. Rfc1 Bc6 16. Na4 Qa7 17. Qa5 Nd7 18. Bxg7 Kxg7 19. Qb4 Qb8 20. Nb6 Nxb6 21. Qxb6 Qc7 22. Qxc7 Rxc7 23. b4 Rd7 24. e3 Bb5 25. Bf1 Bxf1 26. Kxf1 h5 27. Rc7 Rfd8 28. a4 Kf6 29. b5 axb5 30. axb5 Ke7 31. Ke2 Rxc7 32. Rxc7+ Rd7 33. Rxd7+ Kxd7 34. Kd3 b6 35. Ke2 Kd6 36. Kf3 e5 37. g4 hxg4+ 38. Kxg4 f6 39. h4 Ke6 40. f3 f5+ 41. Kg5 f4 42. exf4 exd4 43. Kxg6 d3 44. f5+ Ke5 45. f6 d2 46. f7 d1Q 47. f8Q Qd3+ 48. Kg7 d4 49. Qb8+ Kf5 50. Qg3 Qe3 51. Qg4+ Ke5 52. h5 d3 53. h6 d2 54. h7 d1Q 55. h8Q Qdd4 56. Kg6+ Kd5 57. Qhxd4+ Qxd4 58. Qxd4+ Kxd4 59. f4 1-0

[Event "Muensterland Verbandsklasse 1314"]
[Site "Germany"]
[Date "2014.01.11"]
[Round "5.5"]
[White "Iking, Bernhard"]
[Black "Denkler, Juergen"]
[Result "1/2-1/2"]
[WhiteElo "1792"]
[BlackElo "1792"]
[PlyCount "119"]
[EventDate "2013.09.21"]
[EventType "team-tourn"]
[EventRounds "9"]
[EventCountry "GER"]
[SourceTitle "EXT 2015"]
[Source "ChessBase"]
[SourceDate "2014.11.20"]
[SourceVersion "1"]
[SourceVersionDate "2014.11.20"]
[SourceQuality "1"]
[WhiteTeam "Gescher"]
[BlackTeam "Metelen"]
[WhiteTeamCountry "GER"]
[BlackTeamCountry "GER"]

1. d4 Nf6 2. Nf3 g6 3. c4 Bg7 4. Nc3 0-0 5. e4 d6 6. Be2 e5 7. 0-0 exd4 8. Nxd4 Na6 9. Bg5 Nc5 10. b4 Ne6 11. Nxe6 Bxe6 12. e5 dxe5 13. Qc1 Qe8 14. Rd1 Nd7 15. Nb5 Qc8 16. Bh6 a6 17. Bxg7 Kxg7 18. Nc3 f6 19. c5 Rd8 20. Qe3 Nf8 21. Rxd8 Qxd8 22. Rd1 Qe8 23. f4 exf4 24. Qxf4 Qf7 25. a3 Re8 26. Bf3 c6 27. Ne4 Qe7 28. Nd6 Rd8 29. Re1 Rd7 30. Bg4 f5 31. Qe5+ Kg8 32. Bd1 Qg7 33. Qe3 Qf6 34. Bb3 Bxb3 35. Qxb3+ Kh8 36. Qe3 Kg8 37. Kf1 Kh8 38. Qe8 Kg8 39. h3 Rg7 40. Qe3 Rd7 41. Qb3+ Kh8 42. Qe3 Kg8 43. Kg1 Qg7 44. Kh1 Qf6 45. Kh2 Qg7 46. Qg5 h6 47. Qe3 Kh7 48. Qe8 Rc7 49. Qe3 Rd7 50. Ne8 Qb2 51. Re2 Qh8 52. Qf2 Rf7 53. Qe1 Kg8 54. Re7 Qd4 55. Rxf7 Kxf7 56. Nd6+ Kf6 57. Ne8+ Kf7 58. Nd6+ Kf6 59. Ne8+ Kf7 60. Nd6+ 1/2-1/2

[Event "Muensterland Verbandsklasse-A 1011"]
[Site "Germany"]
[Date "2010.09.18"]
[Round "1.3"]
[White "Denkler, Juergen"]
[Black "Gresshoff, Werner"]
[Result "1-0"]
[WhiteElo "1726"]
[BlackElo "1916"]
[PlyCount "103"]
[EventDate "2010.09.18"]
[EventType "team-tourn"]
[EventRounds "9"]
[EventCountry "GER"]
[SourceTitle "EXT 2012"]
[Source "ChessBase"]
[SourceDate "2011.11.24"]
[SourceVersion "1"]
[SourceVersionDate "2011.11.24"]
[SourceQuality "1"]
[WhiteTeam "Metelen"]
[BlackTeam "Muenster SK III"]
[WhiteTeamCountry "GER"]
[BlackTeamCountry "GER"]

1. d4 d5 2. c4 dxc4 3. Nf3 Nf6 4. e3 e6 5. Bxc4 c5 6. 0-0 a6 7. a4 Nc6 8. dxc5 Qxd1 9. Rxd1 Bxc5 10. Nc3 Bd7 11. Bd2 0-0 12. Ne2 Rac8 13. Bc3 Rfd8 14. Ng3 Be8 15. Bxf6 gxf6 16. Nh5 Be7 17. g4 Rxd1+ 18. Rxd1 Na5 19. Bd3 Nb3 20. Be4 Nc5 21. Rc1 Bd7 22. Bb1 Nxa4 23. Rxc8+ Bxc8 24. b3 Nc5 25. Nd2 e5 26. f3 Be6 27. Bc2 b5 28. Ng3 Nb7 29. Nf5 Bd8 30. Kf2 Nc5 31. Nd6 Ba5 32. N6e4 Nxe4+ 33. Nxe4 Bb4 34. Nxf6+ Kg7 35. Nxh7 Bxb3 36. Bxb3 Kxh7 37. Bxf7 Bc5 38. Be8 Kh6 39. h4 b4 40. Ba4 a5 41. Ke2 Be7 42. h5 Kg5 43. Kd3 Bf6 44. Ke4 Bg7 45. Bd1 Kf6 46. f4 exf4 47. exf4 Bh6 48. Bb3 Bf8 49. g5+ Kg7 50. Kf5 Kh7 51. Ke6 Bc5 52. Kf7 1-0

[Event "Muensterland Verbandsklasse-B 0910"]
[Site "Germany"]
[Date "2010.01.09"]
[Round "5.6"]
[White "Janssen, Guido"]
[Black "Denkler, Juergen"]
[Result "1-0"]
[WhiteElo "1775"]
[BlackElo "1753"]
[PlyCount "75"]
[EventDate "2009.09.19"]
[EventType "team-tourn"]
[EventRounds "9"]
[EventCountry "GER"]
[SourceTitle "EXT 2011"]
[Source "ChessBase"]
[SourceDate "2010.11.26"]
[SourceVersion "1"]
[SourceVersionDate "2010.11.26"]
[SourceQuality "1"]
[WhiteTeam "Suedlohn II"]
[BlackTeam "Metelen"]
[WhiteTeamCountry "GER"]
[BlackTeamCountry "GER"]

1. e4 e6 2. d4 d5 3. Nc3 Bb4 4. Bd2 Ne7 5. exd5 exd5 6. Bd3 Bxc3 7. bxc3 c6 8. Nf3 Bg4 9. 0-0 0-0 10. Bxh7+ Kh8 11. Bd3 Nd7 12. Re1 Nf6 13. h3 Bh5 14. Bg5 Qd6 15. Re3 Bg6 16. Ne5 Bxd3 17. Qxd3 Nfg8 18. Bh4 g6 19. Bg3 Qe6 20. Rae1 Nf5 21. Rf3 Kg7 22. Qd2 Nxg3 23. Rxg3 Qd6 24. Ng4 Rae8 25. Rge3 Rxe3 26. Qxe3 f6 27. Qe6 Qd8 28. Ne3 Re8 29. Nf5+ Kf8 30. Qxe8+ Qxe8 31. Rxe8+ Kxe8 32. Nd6+ Kd7 33. Nxb7 Kc7 34. Nc5 Kb6 35. Kf1 Kb5 36. Ke2 Kc4 37. Kd2 Ne7 38. a4 1-0

[Event "Muensterland Verbandsklasse-B 0910"]
[Site "Germany"]
[Date "2009.12.19"]
[Round "4.5"]
[White "Diepenbrock, Till"]
[Black "Denkler, Juergen"]
[Result "1/2-1/2"]
[WhiteElo "1738"]
[BlackElo "1753"]
[PlyCount "118"]
[EventDate "2009.09.19"]
[EventType "team-tourn"]
[EventRounds "9"]
[EventCountry "GER"]
[SourceTitle "EXT 2011"]
[Source "ChessBase"]
[SourceDate "2010.11.26"]
[SourceVersion "1"]
[SourceVersionDate "2010.11.26"]
[SourceQuality "1"]
[WhiteTeam "Nordwalde"]
[BlackTeam "Metelen"]
[WhiteTeamCountry "GER"]
[BlackTeamCountry "GER"]

1. e4 e6 2. d4 d5 3. exd5 exd5 4. Bd3 Nf6 5. Bg5 Be7 6. Nf3 0-0 7. 0-0 h6 8. Bf4 Bd6 9. Bxd6 Qxd6 10. c3 Bg4 11. Nbd2 Nbd7 12. Re1 Rfe8 13. Qb3 Bxf3 14. Nxf3 b6 15. Qa4 c6 16. Rxe8+ Nxe8 17. Re1 Nc7 18. Re2 b5 19. Qd1 Re8 20. Rxe8+ Nxe8 21. a4 a6 22. axb5 axb5 23. Qa1 Qc7 24. Qa8 Kf8 25. Bf5 Nb6 26. Qa5 g6 27. Bd3 Nd7 28. Qa3+ Qd6 29. Qxd6+ Nxd6 30. Ne5 Nxe5 31. dxe5 Nb7 32. b4 Nd8 33. f4 Ke7 34. Kf2 h5 35. g3 f5 36. h3 Ne6 37. Ke3 d4+ 38. cxd4 Nc7 39. Kf3 Nd5 40. g4 Nxb4 41. Bb1 hxg4+ 42. hxg4 Ke6 43. gxf5+ gxf5 44. Ke2 Kd5 45. Ke3 Ke6 46. Kd2 Kd5 47. Kc3 c5 48. Bxf5 Nc6 49. dxc5 b4+ 50. Kb2 Kxc5 51. Bd7 Nd8 52. Kb3 Kd5 53. Kxb4 Ke4 54. Kc5 Kxf4 55. Kd5 Kg5 56. Be6 Kf4 57. Bf7 Kf5 58. Bg8 Kf4 59. Kd6 Kf5 1/2-1/2

[Event "Muensterland Verbandsklasse-B 0910"]
[Site "Germany"]
[Date "2009.11.21"]
[Round "3.6"]
[White "Merkentrup, Ralf"]
[Black "Denkler, Juergen"]
[Result "0-1"]
[WhiteElo "1671"]
[BlackElo "1753"]
[PlyCount "72"]
[EventDate "2009.09.19"]
[EventType "team-tourn"]
[EventRounds "9"]
[EventCountry "GER"]
[SourceTitle "EXT 2011"]
[Source "ChessBase"]
[SourceDate "2010.11.26"]
[SourceVersion "1"]
[SourceVersionDate "2010.11.26"]
[SourceQuality "1"]
[WhiteTeam "Beelen"]
[BlackTeam "Metelen"]
[WhiteTeamCountry "GER"]
[BlackTeamCountry "GER"]

1. d4 Nf6 2. Nf3 g6 3. c4 Bg7 4. g3 0-0 5. Bg2 c6 6. 0-0 d5 7. Nc3 dxc4 8. a4 h6 9. h3 a5 10. Bf4 Nd5 11. Be5 f6 12. Bxb8 Rxb8 13. Qc2 f5 14. Ne5 Bxe5 15. dxe5 Nxc3 16. Qxc3 Be6 17. Qc2 Qc7 18. f4 b5 19. e4 Rbd8 20. g4 Rd3 21. Qf2 b4 22. exf5 gxf5 23. Qh4 Kg7 24. g5 Rh8 25. Rf3 Rxf3 26. Bxf3 Bf7 27. Kh2 h5 28. Rg1 Kg6 29. Re1 Bd5 30. Qg3 Bxf3 31. Qxf3 Rd8 32. Qe2 Rd4 33. Qe3 Qd7 34. e6 Qd6 35. Rf1 Re4 36. Qc1 Qxe6 0-1

[Event "Muensterland Verbandsklasse-B 0910"]
[Site "Germany"]
[Date "2009.09.19"]
[Round "1.6"]
[White "Dieckmann, Werner"]
[Black "Denkler, Juergen"]
[Result "1/2-1/2"]
[WhiteElo "1806"]
[BlackElo "1753"]
[PlyCount "40"]
[EventDate "2009.09.19"]
[EventType "team-tourn"]
[EventRounds "9"]
[EventCountry "GER"]
[SourceTitle "EXT 2011"]
[Source "ChessBase"]
[SourceDate "2010.11.26"]
[SourceVersion "1"]
[SourceVersionDate "2010.11.26"]
[SourceQuality "1"]
[WhiteTeam "Telgte"]
[BlackTeam "Metelen"]
[WhiteTeamCountry "GER"]
[BlackTeamCountry "GER"]

1. d4 Nf6 2. Nf3 g6 3. Bg5 Bg7 4. Nbd2 d5 5. e3 0-0 6. Bd3 b6 7. c3 c5 8. 0-0 Bb7 9. Re1 cxd4 10. exd4 Nbd7 11. Ne5 Qc7 12. Ndf3 e6 13. Nxd7 Nxd7 14. Qd2 Rae8 15. Bb5 f6 16. Bf4 Qc8 17. Bh6 a6 18. Bxg7 Kxg7 19. Bxd7 Qxd7 20. Re3 b5 1/2-1/2

[Event "Muensterland Verbandsklasse-B 0708"]
[Site "Germany"]
[Date "2008.05.17"]
[Round "9.5"]
[White "Denkler, Juergen"]
[Black "Miemietz, Carsten"]
[Result "1/2-1/2"]
[WhiteElo "1763"]
[BlackElo "1788"]
[PlyCount "49"]
[EventDate "2007.09.15"]
[EventType "team-tourn"]
[EventRounds "9"]
[EventCountry "GER"]
[SourceTitle "EXT 2009"]
[Source "ChessBase"]
[SourceDate "2008.11.26"]
[SourceVersion "1"]
[SourceVersionDate "2008.11.26"]
[SourceQuality "1"]
[WhiteTeam "Metelen"]
[BlackTeam "Muenster SK V"]
[WhiteTeamCountry "GER"]
[BlackTeamCountry "GER"]

1. d4 e6 2. c4 Nf6 3. Nf3 b6 4. Bg5 Bb7 5. e3 Be7 6. Nc3 0-0 7. Be2 d5 8. 0-0 Nbd7 9. Rc1 c5 10. h3 dxc4 11. Bxc4 Rc8 12. Be2 Nd5 13. Bxe7 Qxe7 14. Nxd5 Bxd5 15. Ba6 Rc7 16. b3 Nb8 17. Be2 Bxf3 18. Bxf3 Rd8 19. Qc2 Na6 20. Qe2 Nb8 21. dxc5 Rxc5 22. Rxc5 Qxc5 23. Rd1 Rxd1+ 24. Qxd1 Qc7 25. Qd2 1/2-1/2

[Event "Muensterland Verbandsklasse-B 0708"]
[Site "Germany"]
[Date "2008.01.26"]
[Round "5.4"]
[White "Rickert, Berthold"]
[Black "Denkler, Juergen"]
[Result "1-0"]
[WhiteElo "1852"]
[BlackElo "1763"]
[PlyCount "71"]
[EventDate "2007.09.15"]
[EventType "team-tourn"]
[EventRounds "9"]
[EventCountry "GER"]
[SourceTitle "EXT 2009"]
[Source "ChessBase"]
[SourceDate "2008.11.26"]
[SourceVersion "1"]
[SourceVersionDate "2008.11.26"]
[SourceQuality "1"]
[WhiteTeam "Borken"]
[BlackTeam "Metelen"]
[WhiteTeamCountry "GER"]
[BlackTeamCountry "GER"]

1. c4 Nf6 2. Nc3 g6 3. g3 Bg7 4. Bg2 e5 5. e3 0-0 6. Nge2 c6 7. d4 d6 8. 0-0 Qe7 9. d5 c5 10. e4 Na6 11. Rb1 Ne8 12. a3 f5 13. b4 cxb4 14. axb4 fxe4 15. Nxe4 Qc7 16. Qb3 Bf5 17. Be3 Nf6 18. N2c3 Nxe4 19. Nxe4 Nb8 20. c5 Bxe4 21. Bxe4 Nd7 22. Rfc1 Rfc8 23. Rc2 Nf6 24. Bg2 Qd7 25. Rbc1 Bf8 26. h4 Kg7 27. Qb2 Rc7 28. f4 Re8 29. fxe5 dxe5 30. d6 Rcc8 31. Bg5 h6 32. Bxf6+ Kxf6 33. Rf1+ Kg7 34. Rcf2 Rcd8 35. Qb3 Qe6 36. Rf7+ 1-0

[Event "Muensterland Verbandsklasse-A 0607"]
[Site "Germany"]
[Date "2007.03.24"]
[Round "7.5"]
[White "Denkler, Juergen"]
[Black "Schlagheck, Thomas"]
[Result "1-0"]
[WhiteElo "1755"]
[BlackElo "1723"]
[PlyCount "53"]
[EventDate "2006.09.23"]
[EventType "team-tourn"]
[EventRounds "9"]
[EventCountry "GER"]
[SourceTitle "EXT 2008"]
[Source "ChessBase"]
[SourceDate "2007.11.25"]
[SourceVersion "1"]
[SourceVersionDate "2007.11.25"]
[SourceQuality "1"]
[WhiteTeam "Metelen"]
[BlackTeam "Muenster SK IV"]
[WhiteTeamCountry "GER"]
[BlackTeamCountry "GER"]

1. d4 c5 2. d5 d6 3. c4 e5 4. e4 f5 5. Bd3 fxe4 6. Bxe4 Nf6 7. Bc2 Be7 8. Nc3 0-0 9. h3 Qe8 10. Nge2 Nh5 11. 0-0 a6 12. a4 Nd7 13. Be3 Nf4 14. Qd2 Bg5 15. Ne4 Nxe2+ 16. Qxe2 Be7 17. Ng5 Bxg5 18. Bxg5 Nf6 19. a5 h6 20. Bd2 Qh5 21. Rae1 Bd7 22. f4 Rae8 23. Qxh5 Nxh5 24. Bg6 Nxf4 25. Bxe8 Bxe8 26. Bxf4 exf4 27. Re6 1-0

[Event "Muensterland Verbandsklasse-A 0607"]
[Site "Germany"]
[Date "2006.12.09"]
[Round "4.5"]
[White "Denkler, Juergen"]
[Black "Sindermann, Erwin"]
[Result "1/2-1/2"]
[WhiteElo "1755"]
[BlackElo "1779"]
[PlyCount "132"]
[EventDate "2006.09.23"]
[EventType "team-tourn"]
[EventRounds "9"]
[EventCountry "GER"]
[SourceTitle "EXT 2008"]
[Source "ChessBase"]
[SourceDate "2007.11.25"]
[SourceVersion "1"]
[SourceVersionDate "2007.11.25"]
[SourceQuality "1"]
[WhiteTeam "Metelen"]
[BlackTeam "Duelmen"]
[WhiteTeamCountry "GER"]
[BlackTeamCountry "GER"]

1. d4 Nf6 2. c4 g6 3. Nc3 Bg7 4. e4 d6 5. Nf3 0-0 6. Be2 c6 7. 0-0 Qc7 8. h3 e5 9. d5 a6 10. Be3 c5 11. Nd2 Ne8 12. g4 f5 13. exf5 gxf5 14. f3 Qe7 15. Qc2 Qh4 16. Kg2 Bh6 17. Bf2 Qg5 18. Rad1 Qg6 19. Rg1 Bxd2 20. Rxd2 Qh6 21. Rdd1 Kh8 22. Na4 Nd7 23. a3 Nc7 24. Bd3 b5 25. Nc3 Nb6 26. b3 Bd7 27. Rde1 Rf7 28. Kh2 Rg8 29. Be3 Qh4 30. Bf2 Qh6 31. Be3 Qh4 32. Bf2 Qf6 33. Bg3 Qh6 34. Qc1 Qxc1 35. Rxc1 fxg4 36. fxg4 Rgf8 37. Ne4 Rf3 38. Rcd1 Nc8 39. Nxc5 Be8 40. cxb5 Nxb5 41. Ne6 Rg8 42. Kg2 Rf7 43. a4 Nba7 44. Bxa6 Nb6 45. Bf2 Nxd5 46. Bc4 Nc3 47. Bxa7 Bc6+ 48. Kg3 Nxd1 49. Rxd1 d5 50. Bxd5 Bxd5 51. Rxd5 Rxa7 52. Rxe5 Re7 53. Kf4 Rge8 54. Kf5 Rf7+ 55. Ke4 Rf1 56. h4 Rb1 57. Kf5 Rxb3 58. a5 Ra3 59. h5 Ra8 60. Nf4 R3xa5 61. Rxa5 Rxa5+ 62. Ke4 Kg7 63. Ne6+ Kf6 64. Nf4 Kg5 65. Nd5 h6 66. Ne3 Ra3 1/2-1/2

[Event "Muensterland Verbandsklasse-A 0607"]
[Site "Germany"]
[Date "2006.10.21"]
[Round "2.4"]
[White "Welp, Michael"]
[Black "Denkler, Juergen"]
[Result "1-0"]
[WhiteElo "1907"]
[BlackElo "1755"]
[PlyCount "61"]
[EventDate "2006.09.23"]
[EventType "team-tourn"]
[EventRounds "9"]
[EventCountry "GER"]
[SourceTitle "EXT 2008"]
[Source "ChessBase"]
[SourceDate "2007.11.25"]
[SourceVersion "1"]
[SourceVersionDate "2007.11.25"]
[SourceQuality "1"]
[WhiteTeam "Ibbenbueren"]
[BlackTeam "Metelen"]
[WhiteTeamCountry "GER"]
[BlackTeamCountry "GER"]

1. e4 e6 2. d4 d5 3. e5 c5 4. Qg4 cxd4 5. Nf3 Nc6 6. Bd3 Nge7 7. 0-0 Ng6 8. Re1 Qc7 9. Qg3 f5 10. h4 Bb4 11. Nbd2 0-0 12. a3 Bc5 13. b4 Bb6 14. Nb3 a6 15. h5 Nh8 16. Bb2 Nf7 17. Qf4 Bd7 18. Nbxd4 Nxd4 19. Bxd4 Bxd4 20. Nxd4 g5 21. hxg6 hxg6 22. g4 Rae8 23. Kg2 Kg7 24. Qg3 Bc8 25. gxf5 exf5 26. f4 Nd8 27. Rh1 Qf7 28. Rh5 Rh8 29. Nxf5+ Bxf5 30. Rxf5 Qd7 31. Rf6 1-0

[Event "Muensterland Verbandsklasse-B 0506"]
[Site "Germany"]
[Date "2005.12.10"]
[Round "4.5"]
[White "Te Sligte, Bert"]
[Black "Denkler, Juergen"]
[Result "1/2-1/2"]
[WhiteElo "1817"]
[BlackElo "1783"]
[PlyCount "43"]
[EventDate "2005.09.03"]
[EventType "team-tourn"]
[EventRounds "9"]
[EventCountry "GER"]
[SourceTitle "EXT 2006"]
[Source "ChessBase"]
[SourceDate "2005.11.24"]
[SourceVersion "1"]
[SourceVersionDate "2005.11.24"]
[SourceQuality "1"]
[WhiteTeam "Stadtlohn"]
[BlackTeam "Metelen"]
[WhiteTeamCountry "GER"]
[BlackTeamCountry "GER"]

1. e4 e6 2. d4 d5 3. Nd2 c5 4. c3 cxd4 5. cxd4 Ne7 6. Ngf3 Nbc6 7. e5 Ng6 8. Nb3 Be7 9. Bd2 0-0 10. Bd3 Qe8 11. 0-0 f6 12. Re1 fxe5 13. dxe5 Nf4 14. Bb1 b6 15. Nbd4 Nxd4 16. Nxd4 Qf7 17. Qc2 g6 18. Be3 Bc5 19. Qd2 a5 20. a3 Bd7 21. g3 Nh5 22. Bc2 1/2-1/2

[Event "Muensterland Verbandsklasse-B 0304"]
[Site "Germany"]
[Date "2004.01.17"]
[Round "5.5"]
[White "Boelker, Franz"]
[Black "Denkler, Juergen"]
[Result "1/2-1/2"]
[WhiteElo "1874"]
[BlackElo "1760"]
[PlyCount "79"]
[EventDate "2003.09.20"]
[EventType "team-tourn"]
[EventRounds "9"]
[EventCountry "GER"]
[SourceTitle "EXT 2005"]
[Source "ChessBase"]
[SourceDate "2004.11.15"]
[SourceVersion "1"]
[SourceVersionDate "2004.11.15"]
[SourceQuality "1"]
[WhiteTeam "Raesfeld Erle"]
[BlackTeam "Metelen"]
[WhiteTeamCountry "GER"]
[BlackTeamCountry "GER"]

1. d4 Nf6 2. c4 g6 3. Nc3 Bg7 4. g3 0-0 5. Bg2 d6 6. e3 c6 7. Nge2 Qc7 8. 0-0 e5 9. b4 exd4 10. exd4 Bf5 11. h3 h5 12. Be3 Re8 13. Rc1 Nbd7 14. Bf4 Ne4 15. Nxe4 Bxe4 16. f3 Bf5 17. g4 hxg4 18. hxg4 Be6 19. d5 Bxd5 20. cxd5 Qb6+ 21. Kh1 cxd5 22. Qxd5 Rxe2 23. Bxd6 Nf6 24. Qc4 Rae8 25. Bg3 Bh6 26. Rce1 Qe6 27. Qc3 Nd5 28. Rxe2 Qxe2 29. Qe1 Nf4 30. Qxe2 Rxe2 31. Rf2 Rxf2 32. Bxf2 Nxg2 33. Kxg2 a6 34. a4 f5 35. Bd4 Bf4 36. Kf2 Kf7 37. gxf5 gxf5 38. Ke2 b5 39. axb5 axb5 40. Bc5 1/2-1/2